000 00346nam a22001697a 4500
003 UA-OsUOA
001 3644
007 ta
008 20050721b un ||||| |||| 00| 0 ukr d
100 _aPetreshene
700 _aSussan S.
942 _cBK
040 _aUA-OsUOA
_cUA-OsUOA
_dUA-OsUOA
245 _aMind Joggers !
955 _a2
650 7 _2UDC
999 _c289806
_d289806